[Event "Morgan Stanley Charity 2018"]
[Site "Budapest"]
[Date "2018.09.14"]
[Round "1"]
[White "Lizak, Peter"]
[Black "Gara, Anita"]
[Result "1/2-1/2"]
[WhiteElo "2443"]
[BlackElo "2370"]
[Annotator "TA"]
[PlyCount "128"]
[EventDate "2018.09.14"]
[EventType "team-tourn"]
[EventCountry "HUN"]
[SourceTitle "playchess.com"]
[Source "ChessBase"]
[SourceQuality "1"]

{[%evp 23,128,13,16,-18,-12,-15,9,-12,9,11,30,22,29,23,27,22,50,-7,-5,-5,-8,-8,-8,-90,-62,-419,-23,-14,-33,-29,-10,-10,0,0,0,0,0,0,0,0,0,0,49,49,50,44,31,11,12,12,11,0,0,0,12,11,11,11,12,13,18,-8,-13,-81,-62,-78,-64,-68,-66,-73,-56,-57,-54,-54,-56,-70,0,0,0,0,0,0,0,0,0,0,0,0,0,0,0,0,0,0,0,0,5,0,0,0,17,0,0,0,0,-64,0]} 1. d4 d6 2. Nc3 Nf6 3. e4 g6 4. Nf3 Bg7 5. Bc4 O-O 6. O-O Bg4 7. Be3 Nc6 8. h3 Bxf3 9. Qxf3 e5 10. dxe5 Nxe5 11. Qe2 Nxc4 {B08: Pirc Defence: Classical System} 12. Qxc4 Re8 {LiveBook: 4 Games} 13. Bg5 (13. Rad1 a6 14. a4 Re6 15. f3 c6 16. Qb3 Qc7 17. Qb6 Qe7 18. Bg5 h6 19. Bh4 {0-1 (56) Vallejo Pons,F (2705)-Gashimov,V (2757) Beijing 2011}) 13... c6 {The position is equal.} 14. Rad1 Qe7 15. Qb4 $146 ({Predecessor:} 15. Rfe1 h6 16. Bh4 g5 17. Bg3 Rad8 18. Qb4 d5 19. Qxe7 Rxe7 20. exd5 Rxe1+ 21. Rxe1 Nxd5 22. Nxd5 Rxd5 {½-½ (72) Ovod,E (2263)-Zakharevich,I (2485) St Petersburg 2000}) 15... Rad8 16. Rfe1 {Threatens to win with e5!} Qc7 17. Qd4 Re6 18. Qxa7 Rde8 19. Bf4 Qe7 {[%cal Rf6e4]} 20. Re3 (20. Bd2 $14) 20... Nh5 $11 21. Bh2 Bh6 22. Red3 {[%cal Rh2d6]} d5 $1 23. g4 (23. Kh1 $11) 23... dxe4 $17 24. Rd7 $2 {[%mdl 8192] [#]} (24. Rd6 $15 e3 25. Rxe6 (25. gxh5 $2 exf2+ 26. Kg2 Qg5+ 27. Bg3 Re3 $19) 25... Qxe6 26. gxh5 Qxh3 27. Rd3) 24... Qg5 $2 (24... Qh4 $1 $19 25. gxh5 e3) 25. Qe3 $1 $11 {[%cal Re3g5]} Qxe3 26. fxe3 Bxe3+ 27. Kg2 Nf4+ 28. Bxf4 $1 Bxf4 29. Rxb7 e3 30. Ne2 Bg5 31. Rf1 Be7 32. Rd7 Rd8 33. Rxd8+ Bxd8 $14 {[%mdl 4096] Endgame KRB-KRN} 34. Rd1 Bb6 35. a4 Rf6 $1 {[%cal Rf6f2]} 36. Rf1 Rd6 $1 37. Kf3 Rf6+ 38. Kg2 Rd6 $1 39. b4 Rd2 40. Kf3 Rxc2 41. Rc1 Rb2 42. Rxc6 Rxb4 43. g5 (43. Rc8+ $11 {remains equal.} Kg7 44. Rb8) 43... Kg7 44. Nc3 Rb2 45. Ne2 h6 46. h4 hxg5 47. hxg5 Bd8 48. Rc5 $1 Ra2 49. Nc3 Rc2 (49... Ra3 $15 50. Nd1 {[#]} e2+ $1 {[%mdl 512]} 51. Kxe2 Rxa4) 50. Kxe3 $11 Bb6 {( -> ...Rxc3+)} 51. Kd3 {Hoping for Rb5.} Rc1 52. Rb5 Bd8 53. Rd5 Bc7 54. Ne4 Ra1 55. Rd4 Ra3+ 56. Kc2 Be5 57. Rb4 Kf8 58. Rb5 Bf4 59. Nc3 Ra1 60. Kb3 Bd2 61. Ne4 Be3 62. Rb8+ Ke7 63. Rb7+ Ke6 {And now ...Rb1+ would win.} 64. Rc7 ({Better is} 64. Rb5 $11) 64... Ke5 {Precision: White = 52%, Black = 64%.} (64... Rb1+ $1 $15 65. Ka2 Rb4) 1/2-1/2

[Event "Morgan Stanley Charity 2018"]
[Site "Budapest"]
[Date "2018.09.14"]
[Round "1"]
[White "Hoang, Thanh Trang"]
[Black "Torma, Robert"]
[Result "1/2-1/2"]
[WhiteElo "2423"]
[BlackElo "2476"]
[Annotator "TA"]
[PlyCount "69"]
[EventDate "2018.09.14"]
[EventType "team-tourn"]
[EventCountry "HUN"]
[SourceTitle "playchess.com"]
[Source "ChessBase"]
[SourceQuality "1"]

{[%evp 10,69,5,-10,0,0,21,17,18,17,18,15,12,27,22,7,15,12,19,18,26,-7,9,12,12,12,16,9,9,0,0,0,-4,-4,0,0,0,0,-1,-5,0,-62,-65,-59,-62,-61,-55,-57,-57,-48,-51,-69,-42,-45,0,0,0,0,0,0,0,0]} 1. d4 d5 2. Bf4 Nf6 3. e3 c5 4. Nf3 Nc6 5. c3 Qb6 6. Qc2 g6 {D02: 1 d4 d5 2 Nf3 sidelines, including 2...Nf6 3 g3 and 2...Nf6 3 Bf4} 7. Nbd2 Bf5 (7... Bg7 8. Be2 O-O 9. O-O Bf5 10. dxc5 Qxc5 11. Qb3 Ne4 12. Nxe4 Bxe4 13. Bg3 Na5 14. Qb5 Qxb5 15. Bxb5 {0-1 (94) Hoang,T (2423)-Galyas,M (2517) Ajka 2018}) 8. dxc5 Qxc5 9. Qb3 Na5 10. Qb5+ Qxb5 11. Bxb5+ Bd7 12. Be2 Bg7 13. O-O $146 ({Predecessor:} 13. Ne5 Nc6 14. Nxd7 Nxd7 {½-½ (63) Ryahi,N (2255)-Nazemi,P (1905) Esfahan 2011}) 13... Nc6 14. h3 O-O 15. Ne5 Rfd8 16. Nxd7 Rxd7 17. Rfd1 e5 18. Bh2 d4 19. exd4 exd4 20. Nb3 {[%cal Rc3d4]} dxc3 21. bxc3 Rxd1+ 22. Rxd1 Ne4 23. Bf3 Nxc3 24. Rd7 Re8 {[%cal Re8e1] [#]} 25. Bd6 ({White should try} 25. g4 $11) 25... Re1+ $15 26. Kh2 {Threatens to win with Bxc6.} Be5+ 27. Bxe5 Nxe5 28. Rd8+ Kg7 29. Bxb7 Nxa2 30. Ra8 Rb1 31. Na5 Nc4 32. Rxa7 {The position is equal.} Nxa5 33. Bd5 Nc3 34. Rxa5 Nxd5 35. Rxd5 {Precision: White = 73%, Black = 50%.} 1/2-1/2

[Event "Morgan Stanley Charity 2018"]
[Site "Budapest"]
[Date "2018.09.14"]
[Round "1"]
[White "Gara, Ticia"]
[Black "Torok, Sandor"]
[Result "1-0"]
[WhiteElo "2321"]
[BlackElo "2276"]
[Annotator "ChessBase"]
[PlyCount "121"]
[EventDate "2018.09.14"]
[EventType "team-tourn"]
[EventCountry "HUN"]
[SourceTitle "playchess.com"]
[Source "ChessBase"]
[SourceQuality "1"]
[TimeControl "1200+10"]

1. d4 {[%emt 0:00:03]} Nf6 {[%emt 0:00:04]} 2. Nf3 {[%emt 0:00:03]} e6 {[%emt 0:00:01]} 3. Bf4 {[%emt 0:00:08]} b6 {[%emt 0:00:07]} 4. e3 {[%emt 0:00:10]} Bb7 {[%emt 0:00:01]} 5. Be2 {[%emt 0:00:12]} d6 {[%emt 0:00:19]} 6. h3 {[%emt 0:00:07]} Nbd7 {[%emt 0:00:04]} 7. O-O {[%emt 0:00:03]} g6 {[%emt 0:00:07]} 8. c4 {[%emt 0:00:21]} Bg7 {[%emt 0:00:03]} 9. Nc3 {[%emt 0:00:02]} Ne4 {[%emt 0:00:53]} 10. Nxe4 {[%emt 0:01:17]} Bxe4 {[%emt 0:00:04]} 11. Bg5 {[%emt 0:01:14]} Qc8 {[%emt 0:00:52]} 12. Nd2 {[%emt 0:01:01]} Bb7 {[%emt 0:00:09]} 13. Bf3 {[%emt 0:01:04]} O-O {[%emt 0:00:22]} 14. h4 {[%emt 0:00:16]} h6 {[%emt 0:04:15]} 15. Bf4 {[%emt 0:00:07]} e5 {[%emt 0:00:03]} 16. dxe5 {[%emt 0:03:06]} Nxe5 {[%emt 0:01:36]} 17. Bxb7 {[%emt 0:00:35]} Qxb7 {[%emt 0:00:03]} 18. Qc2 {[%emt 0:00:23]} d5 {[%emt 0:02:31]} 19. Rfd1 {[%emt 0:05:07]} Nxc4 {[%emt 0:02:09]} 20. Nxc4 {[%emt 0:00:16]} dxc4 {[%emt 0:00:02]} 21. Qxc4 {[%emt 0:00:26]} c5 {[%emt 0:00:21]} 22. Rd2 {[%emt 0:00:38]} Rfd8 {[%emt 0:00:29]} 23. Rad1 {[%emt 0:00:03]} Qe7 {[%emt 0:00:09]} 24. Bd6 {[%emt 0:00:53]} Qe8 {[%emt 0:00:48]} 25. b3 {[%emt 0:00:26]} h5 {[%emt 0:00:32]} 26. Rd5 {[%emt 0:00:31]} Rd7 {[%emt 0:00:57]} 27. Bf4 {[%emt 0:01:06]} Rxd5 {[%emt 0:01:41]} 28. Qxd5 {[%emt 0:00:11]} Bf6 {[%emt 0:01:10]} 29. Bg5 {[%emt 0:00:04]} Bxg5 {[%emt 0:00:26]} 30. hxg5 {[%emt 0:00:56]} Rc8 {[%emt 0:00:57]} 31. Qd7 {[%emt 0:00:36]} Qxd7 {[%emt 0:01:28]} 32. Rxd7 {[%emt 0:00:01]} a5 {[%emt 0:00:42]} 33. Rb7 {[%emt 0:00:43]} c4 {[%emt 0:00:31]} 34. bxc4 {[%emt 0:00:03]} Rxc4 {[%emt 0:00:01]} 35. Rxb6 {[%emt 0:00:04]} Rc1+ {[%emt 0:00:11]} 36. Kh2 {[%emt 0:00:02]} Rc2 {[%emt 0:00:01]} 37. a4 {[%emt 0:01:10]} Rc4 {[%emt 0:00:15]} 38. Rb8+ {[%emt 0:00:30]} Kg7 {[%emt 0:00:01]} 39. f4 {[%emt 0:00:09]} Rxa4 {[%emt 0:01:02]} 40. Kg3 {[%emt 0:00:01]} Ra3 {[%emt 0:00:06]} 41. Kf3 {[%emt 0:00:01]} a4 {[%emt 0:00:01]} 42. Ra8 {[%emt 0:00:05]} Ra1 {[%emt 0:00:02]} 43. Kg3 {[%emt 0:01:02]} a3 {[%emt 0:00:01]} 44. Ra7 {[%emt 0:00:19]} Kf8 {[%emt 0:00:02]} 45. Kh2 {[%emt 0:00:10]} Ke8 {[%emt 0:00:12]} 46. e4 {[%emt 0:00:06]} Kf8 {[%emt 0:00:36]} 47. f5 {[%emt 0:00:09]} gxf5 {[%emt 0:01:00]} 48. exf5 {[%emt 0:00:01]} Ke8 {[%emt 0:00:09]} 49. f6 {[%emt 0:00:10]} h4 {[%emt 0:00:13]} 50. Ra4 {[%emt 0:00:27]} Kd7 {[%emt 0:00:05]} 51. Rxh4 {[%emt 0:00:13]} Ke6 {[%emt 0:00:02]} 52. Ra4 {[%emt 0:00:06]} Kf5 {[%emt 0:00:11]} 53. Ra5+ {[%emt 0:00:09]} Kg4 {[%emt 0:00:07]} 54. g3 {[%emt 0:01:30]} Ra2+ {[%emt 0:00:09]} 55. Kg1 {[%emt 0:00:03]} Kxg3 {[%emt 0:00:02]} 56. Kf1 {[%emt 0:00:06]} Kg4 {[%emt 0:00:21]} 57. g6 {[%emt 0:00:10]} Kf3 {[%emt 0:00:30]} 58. Rf5+ {[%emt 0:00:08]} Ke4 {[%emt 0:00:13]} 59. gxf7 {[%emt 0:00:19]} Ra1+ {[%emt 0:00:10]} 60. Kg2 {[%emt 0:00:01]} a2 {[%emt 0:00:09]} 61. Ra5 {[%emt 0:00:23]} 1-0

[Event "Morgan Stanley Charity 2018"]
[Site "Budapest"]
[Date "2018.09.14"]
[Round "1"]
[White "Szamoskozi, Gabor"]
[Black "Terbe, Julianna"]
[Result "0-1"]
[WhiteElo "2270"]
[BlackElo "2260"]
[Annotator "ChessBase"]
[PlyCount "117"]
[EventDate "2018.09.14"]
[EventType "team-tourn"]
[EventCountry "HUN"]
[SourceTitle "playchess.com"]
[Source "ChessBase"]
[SourceQuality "1"]
[TimeControl "1200+10"]

1. d4 {[%emt 0:00:04]} d5 {[%emt 0:00:08]} 2. Nc3 {[%emt 0:00:05]} Nf6 {[%emt 0:00:11]} 3. Bf4 {[%emt 0:00:04]} e6 {[%emt 0:00:59]} 4. e3 {[%emt 0:01:15]} a6 {[%emt 0:00:05]} 5. Nf3 {[%emt 0:01:02]} c5 {[%emt 0:00:03]} 6. Ne5 {[%emt 0:01:54]} Be7 {[%emt 0:02:01]} 7. Be2 {[%emt 0:01:17]} O-O {[%emt 0:00:28]} 8. h4 {[%emt 0:02:48]} Nbd7 {[%emt 0:04:16]} 9. g4 {[%emt 0:00:29]} Nxe5 {[%emt 0:00:15]} 10. Bxe5 {[%emt 0:00:09]} Nd7 {[%emt 0:00:35]} 11. Bg3 {[%emt 0:00:28]} b5 {[%emt 0:01:37]} 12. Bf3 {[%emt 0:00:41]} Bb7 {[%emt 0:01:05]} 13. Ne2 {[%emt 0:01:37]} Rc8 {[%emt 0:01:39]} 14. g5 {[%emt 0:00:53]} Qa5+ {[%emt 0:01:09]} 15. Kf1 {[%emt 0:00:15]} Rfe8 {[%emt 0:01:16]} 16. a3 {[%emt 0:05:05]} Qb6 {[%emt 0:00:58]} 17. Kg2 {[%emt 0:00:37]} b4 {[%emt 0:01:05]} 18. axb4 {[%emt 0:00:12]} cxb4 {[%emt 0:00:06]} 19. Nf4 {[%emt 0:01:16]} a5 {[%emt 0:01:34]} 20. Re1 {[%emt 0:02:33]} Bc6 {[%emt 0:01:28]} 21. Nd3 {[%emt 0:00:21]} a4 {[%emt 0:00:56]} 22. Qd2 {[%emt 0:00:09]} Bb5 {[%emt 0:01:11]} 23. Ne5 {[%emt 0:00:19]} Nxe5 {[%emt 0:00:02]} 24. Bxe5 {[%emt 0:00:01]} f6 {[%emt 0:00:11]} 25. gxf6 {[%emt 0:00:05]} gxf6 {[%emt 0:00:02]} 26. Bf4 {[%emt 0:00:10]} Qc6 {[%emt 0:00:27]} 27. Bh5 {[%emt 0:00:15]} Red8 {[%emt 0:00:11]} 28. Qd1 {[%emt 0:00:15]} Kh8 {[%emt 0:00:10]} 29. Kh1 {[%emt 0:00:08]} Rg8 {[%emt 0:00:15]} 30. Rg1 {[%emt 0:00:15]} Rxg1+ {[%emt 0:00:13]} 31. Qxg1 {[%emt 0:00:03]} Rg8 {[%emt 0:00:02]} 32. Qd1 {[%emt 0:00:07]} e5 {[%emt 0:00:13]} 33. dxe5 {[%emt 0:00:12]} f5 {[%emt 0:00:24]} 34. Bf3 {[%emt 0:00:06]} Rd8 {[%emt 0:00:12]} 35. Qd4 {[%emt 0:00:14]} Bc5 {[%emt 0:00:11]} 36. Qd2 {[%emt 0:00:25]} h6 {[%emt 0:00:09]} 37. Rg1 {[%emt 0:00:03]} Qe6 {[%emt 0:00:07]} 38. Rg3 {[%emt 0:00:17]} Be8 {[%emt 0:00:02]} 39. c3 {[%emt 0:00:07]} bxc3 {[%emt 0:00:08]} 40. Qxc3 {[%emt 0:00:02]} Be7 {[%emt 0:00:08]} 41. h5 {[%emt 0:00:02]} Bh4 {[%emt 0:00:24]} 42. Rg2 {[%emt 0:00:06]} Be7 {[%emt 0:00:06]} 43. Rg3 {[%emt 0:00:12]} Bh4 {[%emt 0:00:01]} 44. Rg2 {[%emt 0:00:01]} Be7 {[%emt 0:00:01]} 45. Qd4 {[%emt 0:00:25]} a3 {[%emt 0:00:15]} 46. bxa3 {[%emt 0:00:03]} Bxa3 {[%emt 0:00:01]} 47. Be2 {[%emt 0:00:16]} Rc8 {[%emt 0:00:12]} 48. Kh2 {[%emt 0:00:25]} Bc5 {[%emt 0:00:04]} 49. Qb2 {[%emt 0:00:04]} Ra8 {[%emt 0:00:35]} 50. Bf3 {[%emt 0:00:07]} Rd8 {[%emt 0:00:06]} 51. Be2 {[%emt 0:00:02]} d4 {[%emt 0:00:13]} 52. exd4 {[%emt 0:00:05]} Bxd4 {[%emt 0:00:05]} 53. Qb4 {[%emt 0:00:28]} Bf7 {[%emt 0:00:21]} 54. Qa5 {[%emt 0:00:10]} Re8 {[%emt 0:00:09]} 55. Bb5 {[%emt 0:00:05]} Bxe5 {[%emt 0:00:09]} 56. Bxe8 {[%emt 0:00:16]} Bxf4+ {[%emt 0:00:01]} 57. Kh3 {[%emt 0:00:05]} Bxe8 {[%emt 0:00:16]} 58. Qc3+ {[%emt 0:00:07]} Be5 {[%emt 0:00:05]} 59. Qd2 0-1

[Event "Morgan Stanley Charity 2018"]
[Site "Budapest"]
[Date "2018.09.14"]
[Round "2"]
[White "Torma, Robert"]
[Black "Hoang, Thanh Trang"]
[Result "1-0"]
[WhiteElo "2476"]
[BlackElo "2423"]
[Annotator "TA"]
[PlyCount "123"]
[EventDate "2018.09.14"]
[EventType "team-tourn"]
[EventCountry "HUN"]
[SourceTitle "playchess.com"]
[Source "ChessBase"]
[SourceQuality "1"]

{[%evp 19,123,43,37,48,48,41,44,40,39,0,47,26,47,43,51,27,50,46,71,73,151,160,237,109,119,125,123,105,105,105,105,105,105,104,108,108,116,97,97,97,175,175,185,175,187,179,177,158,161,148,213,214,292,292,369,376,333,304,293,288,438,433,396,316,316,173,173,173,173,173,173,173,325,173,173,173,173,173,29969,29969,29970,29971,29971,29972,29972,29973,29959,380,29973,29970,29974,29971,29974,29972,29976,29977,29977,29977,29979,29980,29980,29980,29980,29981,29981,29982]} 1. d4 {[%cal Bd2d4,Bd4d5,Bd5d6][%mdl 32]} f5 2. e4 fxe4 3. Nc3 {[%cal Bb1c3,Bc3e4,Be4c5][%mdl 32]} Nf6 4. Bg5 Nc6 5. d5 Ne5 6. Qe2 Nf7 {A83: Holländische Verteidigung (Staunton-Gambit)} 7. Bxf6 exf6 8. Nxe4 Qe7 9. d6 Qe6 10. dxc7 Bb4+ {LiveBook: 8 Partien} 11. c3 Ba5 12. Nc5 Qxe2+ 13. Bxe2 {[%cal Bf1e2,Be2f3,Bf3d5][%mdl 32]} Bxc7 14. Bf3 Rb8 $146 15. O-O-O b6 16. Nd3 O-O 17. Bd5 Kh8 18. Nf3 Ne5 19. Rhe1 {[%cal Rd3e5]} d6 ({Besser ist} 19... Nxd3+ 20. Rxd3 Ba6) 20. Nd4 $16 Bd7 {[#]} (20... b5 $16 21. Nb4 Bb6) 21. f4 (21. Nb4 $1 $18 {ist der präzise Gewinnweg.}) 21... Nxd3+ 22. Rxd3 Rfe8 23. Rde3 Rxe3 24. Rxe3 Re8 25. Kd2 Rxe3 26. Kxe3 {[%mdl 4096] Endspiel KLL-KLS} g6 27. Be6 Be8 28. g4 Kg7 29. Ke4 f5+ (29... b5 $16) 30. gxf5 $18 Kf6 31. fxg6 Bxg6+ 32. f5 {[%cal Bf4f5,Bf5f6][%mdl 32]} Be8 {beabsichtigt ...d5+.} 33. Kd5 b5 34. Ne2 Ke7 (34... Bh5 $16) 35. Ng3 a5 36. Ne4 Bh5 37. f6+ Kf8 38. Nxd6 Bf3+ 39. Kc5 b4 (39... a4 $142 40. Bd7 Bb8) 40. cxb4 axb4 41. h3 Bd8 42. Kxb4 (42. Bd5 $142) 42... Bxf6 {[#] Schwarz will ...Ke7 spielen.} 43. Nc4 $1 Ke7 44. Bg4 Bd5 45. b3 {[%cal Bb2b3,Bb3b4,Bb4b5][%mdl 32]} Bxc4 $2 (45... Bd4 46. a4 Kd8) 46. Kxc4 {KL-KL} (46. bxc4 $142 Kd6 47. c5+ Kc7 48. a4) 46... Kd6 47. a4 {[%cal Ba2a4,Ba4a5][%mdl 32]} Kc7 48. b4 {Schwarz muss nun a5 beachten.} Kb6 $2 (48... Bg5 $18 49. a5 Bd2) 49. a5+ Ka7 50. b5 Bh4 51. Kb4 Be1+ 52. Ka4 Bf2 53. Bd7 $2 (53. Bf3 {setzt Matt} Be3 54. Bd5 h6 55. b6+ Bxb6 56. axb6+ Kxb6 57. Kb4 Ka7 58. Kc5) 53... h6 $2 (53... Kb7 $18 54. Be8 Kc7) 54. Bf5 {Weiß setzt Matt.} Be3 55. h4 {[%cal Bh3h4,Bh4h5][%mdl 32]} Bf2 56. h5 Be3 57. Be6 Bf2 58. Bb3 Be3 59. b6+ Bxb6 60. axb6+ Kxb6 61. Kb4 Kc6 62. Kc4 {Precision: Weiß = 63%, Schwarz = 33%.} 1-0

[Event "Morgan Stanley Charity 2018"]
[Site "Budapest"]
[Date "2018.09.14"]
[Round "2"]
[White "Gara, Anita"]
[Black "Lizak, Peter"]
[Result "1/2-1/2"]
[WhiteElo "2370"]
[BlackElo "2443"]
[Annotator "TA"]
[PlyCount "64"]
[EventDate "2018.09.14"]
[EventType "team-tourn"]
[EventCountry "HUN"]
[SourceTitle "playchess.com"]
[Source "ChessBase"]
[SourceQuality "1"]

{[%evp 17,64,24,21,19,26,28,19,31,20,-1,0,-15,-20,-23,-10,-12,-7,-31,-24,-26,8,7,7,13,22,15,31,13,20,16,29,26,25,11,26,0,28,20,116,0,38,0,40,38,46,0,0,0,0]} 1. e4 e6 2. d4 d5 3. Nd2 a6 4. Ngf3 c5 5. c3 Nc6 6. Bd3 cxd4 7. cxd4 dxe4 8. Nxe4 Be7 9. O-O Nf6 10. Be3 {D05: Colle System with ...e6} O-O 11. Rc1 Nb4 12. Nxf6+ Bxf6 13. Bb1 Bd7 14. a3 Nd5 15. Qc2 {[%csl Gb1][%cal Rc2h7] [#]} g6 16. Bh6 Re8 17. Ne5 $146 ({Predecessor:} 17. Qe4 Qe7 {1-0 (30) Moen,A (2390)-Turov,M (2599) Fagernes 2013}) 17... Bb5 18. Rfe1 Bg5 (18... Rc8 $5 {[%cal Rc8c2]} 19. Qd2 Rxc1 20. Rxc1 Ne7 $11) 19. Bxg5 Qxg5 20. g3 Kg7 21. h4 Qf6 22. Qe4 h5 23. Ba2 Rad8 24. Bxd5 exd5 25. Qe3 Re7 26. Qb3 Rd6 27. Re3 $36 {[%mdl 2048] White has some pressure.} Bd7 (27... Rb6 $11) 28. Rc5 (28. Qxb7 $16 {Hoping for Rc7.} Rb6 29. Nxd7 Rxb7 30. Nxf6 Kxf6 31. Rf3+ Kg7 32. b4) 28... Qf5 {White should prevent ...Qb1+.} 29. Qc3 ({Avoid the trap} 29. Rxd5 $2 Bc6 $19) 29... Rf6 30. Qd2 Qh3 31. Rc7 Bb5 {[#] ( -> ...Qf1+)} 32. Rc1 Rfe6 {Precision: White = 46%, Black = 35%.} 1/2-1/2

[Event "Morgan Stanley Charity 2018"]
[Site "Budapest"]
[Date "2018.09.14"]
[Round "2"]
[White "Terbe, Julianna"]
[Black "Tomosvary, Attila"]
[Result "1-0"]
[WhiteElo "2260"]
[BlackElo "2126"]
[Annotator "NA"]
[PlyCount "63"]
[EventDate "2018.09.14"]
[EventType "team-tourn"]
[EventCountry "HUN"]
[SourceTitle "playchess.com"]
[Source "ChessBase"]
[SourceQuality "1"]
[TimeControl "1200+10"]

1. d4 {[%emt 0:00:03]} g6 {[%emt 0:00:14]} 2. e4 {[%emt 0:00:05]} Bg7 {[%emt 0:00:10]} 3. Nc3 {[%emt 0:00:04]} c6 {[%emt 0:00:20]} 4. Nf3 {[%emt 0:00:03]} d5 {[%emt 0:00:45]} 5. h3 {[%emt 0:00:05]} dxe4 {[%emt 0:00:40]} 6. Nxe4 {[%emt 0:00:02]} Nd7 {[%emt 0:00:46]} 7. Be2 {[%emt 0:01:19]} Ngf6 {[%emt 0:01:04]} 8. Nxf6+ {[%emt 0:00:03]} Nxf6 {[%emt 0:00:10]} 9. O-O {[%emt 0:00:05]} O-O {[%emt 0:00:32]} 10. c4 Qc7 {[%emt 0:01:13]} 11. Be3 {[%emt 0:02:42]} Bf5 {[%emt 0:01:52]} 12. Qb3 {[%emt 0:02:02]} b6 {[%emt 0:01:03]} 13. Rfd1 {[%emt 0:00:47]} Rad8 {[%emt 0:00:26]} 14. Rac1 {[%emt 0:00:24]} h6 {[%emt 0:01:18]} 15. Qa3 {[%emt 0:01:43]} g5 {[%emt 0:01:12]} 16. Bd3 {[%emt 0:02:21]} Bxd3 {[%emt 0:01:39]} 17. Rxd3 {[%emt 0:00:04]} Nh5 {[%emt 0:00:35]} 18. Re1 {[%emt 0:01:19]} e6 {[%emt 0:00:32]} 19. Rdd1 {[%emt 0:03:07]} Rfe8 {[%emt 0:02:10]} 20. Qa4 {[%emt 0:01:41]} Nf6 {[%emt 0:02:48]} 21. b4 {[%emt 0:02:16]} Nd7 {[%emt 0:00:25]} 22. Qc2 {[%emt 0:00:43]} c5 {[%emt 0:01:18]} 23. bxc5 {[%emt 0:00:20]} bxc5 {[%emt 0:00:03]} 24. d5 {[%emt 0:00:10]} exd5 {[%emt 0:01:12]} 25. Rxd5 {[%emt 0:00:43]} Ne5 {[%emt 0:00:53]} 26. Nxe5 {[%emt 0:00:36]} Rxe5 {[%emt 0:00:19]} 27. Rxd8+ {[%emt 0:00:27]} Qxd8 {[%emt 0:00:06]} 28. Rd1 {[%emt 0:00:08]} Qe8 {[%emt 0:00:22]} 29. Qd2 {[%emt 0:00:34]} Bf8 {[%emt 0:00:11]} 30. Qa5 {[%emt 0:00:27]} Qe6 {[%emt 0:00:24]} 31. Qb5 {[%emt 0:00:29]} a6 {[%emt 0:00:09]} 32. Qb8 {[%emt 0:00:12]} 1-0

[Event "Morgan Stanley Charity 2018"]
[Site "Budapest"]
[Date "2018.09.14"]
[Round "2"]
[White "Jusup, Matej"]
[Black "Gara, Ticia"]
[Result "*"]
[WhiteElo "2235"]
[BlackElo "2321"]
[Annotator "NA"]
[PlyCount "52"]
[EventDate "2018.09.14"]
[EventType "team-tourn"]
[EventCountry "HUN"]
[SourceTitle "playchess.com"]
[Source "ChessBase"]
[SourceQuality "1"]

{[%emt 0:00:17]} 1. d4 {[%emt 0:00:05]} Nf6 {[%emt 0:00:03]} 2. Bf4 {[%emt 0:00:06]} e6 {[%emt 0:00:21]} 3. e3 {[%emt 0:00:08]} c5 {[%emt 0:00:19]} 4. Nd2 {[%emt 0:00:15]} d5 {[%emt 0:00:24]} 5. Ngf3 {[%emt 0:00:16]} Nc6 {[%emt 0:00:16]} 6. c3 {[%emt 0:00:05]} Be7 {[%emt 0:01:18]} 7. Bd3 {[%emt 0:00:16]} O-O {[%emt 0:00:19]} 8. Ne5 {[%emt 0:00:28]} Nxe5 {[%emt 0:00:46]} 9. dxe5 {[%emt 0:00:09]} Nd7 {[%emt 0:00:20] D02: 1 d4 d5 2 Nf3 sidelines, including 2...Nf6 3 g3 and 2...Nf6 3 Bf4} 10. Qh5 {[%emt 0:01:03]} f5 {[%emt 0:02:06]} 11. Nf3 {[%emt 0:00:31]} (11. g4 c4 12. Bc2 Nc5 13. gxf5 exf5 14. Nf3 Be6 15. Rg1 Qe8 16. Qxe8 Raxe8 17. Nd4 {1-0 (27) L'Ami,E (2634)-Thorhallsson,T (2419) Reykjavik 2018}) 11... Qb6 {[%emt 0:04:09]} 12. O-O-O {[%emt 0:02:23]} Qa5 $146 {[%emt 0:01:32]} ({Predecessor:} 12... c4 13. Bc2 Nc5 14. g4 g6 15. Qh3 Ne4 16. Bxe4 fxe4 17. Nd4 {0-1 (45) Sigurjonsson,S (1944)-Bachmann,U (1925) Reykjavik 2010}) 13. g4 {[%emt 0:02:50]} c4 {[%emt 0:02:32]} 14. Bb1 {[%emt 0:00:45]} Ba3 {[%emt 0:00:26]} 15. Ng5 {[%emt 0:02:11]} Qxc3+ {[%emt 0:00:24]} 16. Bc2 {[%emt 0:00:16]} Qxb2+ {[%emt 0:00:47]} 17. Kd2 {[%emt 0:00:01]} Bb4+ {[%emt 0:00:51]} 18. Ke2 {[%emt 0:00:04]} Qxc2+ {[%emt 0:00:05]} 19. Kf3 {[%emt 0:00:05]} fxg4+ {[%emt 0:01:01]} 20. Kg3 {[%emt 0:00:09]} Qf5 {[%emt 0:01:14]} 21. h3 {[%emt 0:00:22]} Nxe5 {[%emt 0:00:37]} 22. hxg4 $19 {[%emt 0:00:26]} Qxg4+ {[%emt 0:00:18]} 23. Qxg4 {[%emt 0:00:04]} Nxg4 {[%emt 0:00:01]} 24. Rxh7 {[%emt 0:00:13]} Nf6 {[%emt 0:01:41]} 25. Rh2 {[%emt 0:01:19]} Ne4+ {[%emt 0:00:14]} 26. Nxe4 {[%emt 0:00:14]} dxe4 {[%emt 0:00:01]} *

[Event "Morgan Stanley Charity 2018"]
[Site "Budapest"]
[Date "2018.09.14"]
[Round "3"]
[White "Hoang, Thanh Trang"]
[Black "Torma, Robert"]
[Result "1/2-1/2"]
[WhiteElo "2423"]
[BlackElo "2476"]
[Annotator "TA"]
[PlyCount "72"]
[EventDate "2018.09.14"]
[EventType "team-tourn"]
[EventCountry "HUN"]
[SourceTitle "playchess.com"]
[Source "ChessBase"]
[SourceQuality "1"]

{[%evp 15,72,-10,0,0,0,-10,-10,-20,-17,-30,-18,-19,-18,-29,-16,-18,-12,-23,-23,-12,-11,-6,-10,-6,-6,-8,-5,-5,-5,-6,-6,-4,-4,-6,-6,-37,-5,-4,-5,-4,-4,-4,-3,-6,0,0,0,0,0,0,0,-6,0,0,0,0,0,0,0]} 1. d4 Nf6 2. Bf4 d5 3. e3 c5 4. Nf3 Nc6 5. c3 Qb6 6. Qc2 g6 {D02: 1 d4 d5 2 Nf3 sidelines, including 2...Nf6 3 g3 and 2...Nf6 3 Bf4} 7. Nbd2 Bg7 8. Be2 (8. h3 O-O 9. Be2 Bf5 10. Qb3 c4 11. Qxb6 axb6 12. g4 Bd7 13. Ne5 Bc8 14. Bf3 {½-½ (53) Boruchovsky,A (2542)-Reshef,O (2467) Israel 2018}) 8... O-O {LiveBook: 8 Games} 9. Ne5 Nd7 $146 ({Predecessor:} 9... Bf5 10. Qb3 Nxe5 11. Bxe5 c4 12. Qxb6 axb6 {½-½ (60) Zaitseva,L (2370)-Prudnikova,S (2420) Elista 1998}) 10. Nxc6 bxc6 11. Nf3 Ba6 12. O-O Bxe2 13. Qxe2 cxd4 14. cxd4 c5 15. dxc5 Nxc5 16. Be5 Bxe5 17. Nxe5 Qf6 18. Rac1 Rfc8 19. Rxc5 Rxc5 20. Nd7 Qd6 21. Nxc5 Qxc5 $11 {[%mdl 4096] Endgame KQR-KQR} 22. Rd1 Rc8 23. h3 e6 24. Qd2 Qc2 25. a3 {[#]} a5 $1 {[%mdl 512]} 26. Qxc2 {The position is equal.} (26. Qxa5 Qxd1+) 26... Rxc2 {KR-KR} 27. Rb1 Kf8 28. b4 axb4 29. Rxb4 Ra2 30. Ra4 Ke7 31. Ra7+ Kf6 32. g4 e5 33. Ra6+ Ke7 34. Ra7+ Ke6 35. Ra6+ Ke7 36. Ra7+ Ke6 {Precision: White = 79%, Black = 69%.} 1/2-1/2